| 000 | 00980nam a2200229Ia 4500 | ||
|---|---|---|---|
| 003 | Ost | ||
| 005 | 20260507075028.0 | ||
| 008 | 260507s9999||||xx |||||||||||||| ||und|| | ||
| 040 | _cfsecg | ||
| 041 | _aara | ||
| 082 | _a330 | ||
| 100 |
_aكوتلر، فيليب _eمؤلف |
||
| 245 | 0 |
_aالتسويق : _bالسلوك-الأسواق-البيئة-المعلومات / _c فيليب كوتلر |
|
| 260 |
_aدمشق: _bمنشورات دار علاء الدين, _c2002 |
||
| 300 |
_a419 صفحة؛ _bإيضاحات ؛ _c24 سم |
||
| 520 | _a-البيئة التسويقية،السوق الشاملة،الاسواق الاستهلاكية والسلوك الشرائي،سلوك المشترين في سوق الإنتاج،المعلومات والبحوث التسويقية | ||
| 653 | _aالاستهلاك | ||
| 653 | _aالأسواق | ||
| 653 | _aالتسويق-بحوث | ||
| 700 |
_aسوندرز، جون وأخرون _eمؤلف ثانوي |
||
| 942 | _cكتاب | ||
| 999 |
_c42355 _d42355 |
||